Powiaty w województwie wielkopolskim - Statystyki

Ogólne statystyki
  • Ten quiz został rozwiązany 50 razy
  • Średni wynik to 26 z 35
Statystyki odpowiedzi
Odpowiedź % Poprawnych
Poznań
95%
poznański
93%
Konin
88%
pilski
88%
Kalisz
85%
leszczyński
85%
gnieźnieński
83%
kaliski
83%
koniński
83%
kolski
80%
Leszno
80%
złotowski
80%
średzki
78%
nowotomyski
76%
ostrowski
76%
śremski
76%
chodzieski
73%
gostyński
71%
szamotulski
71%
wągrowiecki
71%
wolsztyński
71%
jarociński
68%
obornicki
68%
czarnkowsko-trzcianecki
66%
turecki
66%
grodziski
63%
krotoszyński
63%
międzychodzki
63%
ostrzeszowski
63%
wrzesiński
63%
pleszewski
61%
słupecki
61%
kościański
56%
rawicki
56%
kępiński
51%
Nie znaleziono quizów pasujących do podanych kryteriów
Rozkład punktacji
Procent ludzi z każdym wynikiem
Percentyl według liczby udzielonych odpowiedzi
Twoja historia wyników
Nie rozwiązałeś tego quizu